Text book of enterprise resource planning (Record no. 193671)
[ view plain ]
| 000 -LEADER | |
|---|---|
| fixed length control field | 00428nam a2200157Ia 4500 |
| 005 - DATE AND TIME OF LATEST TRANSACTION | |
| control field | 20250212141325.0 |
| 008 - FIXED-LENGTH DATA ELEMENTS--GENERAL INFORMATION | |
| fixed length control field | 231217s9999 xx 000 0 und d |
| 020 ## - INTERNATIONAL STANDARD BOOK NUMBER | |
| International Standard Book Number | 9781403927453 |
| 082 ## - DEWEY DECIMAL CLASSIFICATION NUMBER | |
| Classification number | 658.1 JAI;3 R |
| 100 ## - MAIN ENTRY--PERSONAL NAME | |
| Personal name | Jaiswal, Mahadeo. Vanapalli, Ganesh. |
| 245 #0 - TITLE STATEMENT | |
| Title | Text book of enterprise resource planning |
| 260 ## - PUBLICATION, DISTRIBUTION, ETC. (IMPRINT) | |
| Date of publication, distribution, etc. | 2005 |
| Name of publisher, distributor, etc. | McMillan India |
| Place of publication, distribution, etc. | Chennai |
| 300 ## - PHYSICAL DESCRIPTION | |
| Extent | xiii, 365 |
| 650 ## - SUBJECT ADDED ENTRY--TOPICAL TERM | |
| Topical term or geographic name as entry element | planning |
| 942 ## - ADDED ENTRY ELEMENTS (KOHA) | |
| Koha item type | Books |
| Date last seen | Total Checkouts | Full call number | Accession number | Old discount | Cost, replacement price | Price effective from | Category | Lost status | Damaged status | Department | Withdrawn status | bill no. | bill date | Permanent Location | Current Location | Shelving location | Entry date | Vendor | Cost, normal purchase price | Grants | Currency symbol | Conversion rate | Discount | Discount type | Checked out | Date checked out |
|---|---|---|---|---|---|---|---|---|---|---|---|---|---|---|---|---|---|---|---|---|---|---|---|---|---|---|
| 26/01/2024 | 658.1 JAI;3 R | 81383 | 25 | 221.25 | 26/01/2024 | Books | Central Library | 69086 | 12/08/2017 | Central Library | Central Library | Central Library | 20/06/2012 | Book Paradise | 295.00 | IS | RS | 1 | 73.75 | Rupees | ||||||
| 26/01/2024 | 658.1 JAI;5 | 81385 | 25 | 221.25 | 26/01/2024 | Books | Central Library | 69086 | 12/08/2017 | Central Library | Central Library | Central Library | 20/06/2012 | Book Paradise | 295.00 | IS | RS | 1 | 73.75 | Rupees | ||||||
| 26/01/2024 | 658.1 JAI;6 | 81386 | 25 | 221.25 | 26/01/2024 | Books | Central Library | 69086 | 22/08/2017 | Central Library | Central Library | Central Library | 20/06/2012 | Book Paradise | 295.00 | IS | RS | 1 | 73.75 | Rupees | ||||||
| 06/02/2026 | 1 | 658.1 JAI;4 R1 | 81384 | 25 | 221.25 | 26/01/2024 | Books | Central Library | 69086 | 12/08/2017 | Central Library | RFID Kiosk | Central Library | 20/06/2012 | Book Paradise | 295.00 | IS | RS | 1 | 73.75 | Rupees | 20/02/2026 | 06/02/2026 |
